De Bergson a Santo Tomas de Aquino : ensayos de metafisica y de moral (Registro nro. 12659)

Detalles MARC
001 - NÚMERO DE CONTROL
campo de control 87668
005 - FECHA Y HORA DE LA ÚLTIMA TRANSACCIÓN
campo de control 20260428111111.0
008 - DATOS DE LONGITUD FIJA--INFORMACIÓN GENERAL
campo de control de longitud fija 960313s1946 spa
035 ## - NÚMERO DE CONTROL DEL SISTEMA
Número de control de sistema 87668
035 ## - NÚMERO DE CONTROL DEL SISTEMA
Número de control de sistema (OCoLC)778234929
040 ## - FUENTE DE LA CATALOGACIÓN
Centro/agencia transcriptor comduadb
041 ## - CÓDIGO DE LENGUA
Código de lengua del texto/banda sonora o título independiente spa
082 #4 - NÚMERO DE LA CLASIFICACIÓN DECIMAL DEWEY
Número de clasificación 110
100 10 - ENTRADA PRINCIPAL--NOMBRE DE PERSONA
Nombre de persona Maritain, Jacques,
Fechas asociadas al nombre 1882-1973
Código de función aut
Número de control del registro de autoridad o número normalizado (isni)0000 0001 2098 8923
-- (viaf)7393855
Término indicativo de función/relación Autor/a
9 (RLIN) 268872
245 10 - MENCIÓN DE TÍTULO
Título De Bergson a Santo Tomas de Aquino : ensayos de metafisica y de moral
250 ## - MENCIÓN DE EDICIÓN
Mención de edición 01.ED
260 ## - PUBLICACIÓN, DISTRIBUCIÓN, ETC.
Lugar de publicación, distribución, etc. Argentina :
Nombre del editor, distribuidor, etc. Fournier,
Fecha de publicación, distribución, etc. 1946.
300 ## - DESCRIPCIÓN FÍSICA
Extensión 254 páginas
650 #7 - PUNTO DE ACCESO ADICIONAL DE MATERIA--TÉRMINO DE MATERIA
Término de materia o nombre geográfico como elemento de entrada Metafísica
Fuente del encabezamiento o término lemb
9 (RLIN) 2121
650 #7 - PUNTO DE ACCESO ADICIONAL DE MATERIA--TÉRMINO DE MATERIA
Término de materia o nombre geográfico como elemento de entrada Ética
Fuente del encabezamiento o término lemb
9 (RLIN) 4694
650 ## - PUNTO DE ACCESO ADICIONAL DE MATERIA--TÉRMINO DE MATERIA
Término de materia o nombre geográfico como elemento de entrada Bergson, Henry Louis, 1859-1941
9 (RLIN) 45446
650 ## - PUNTO DE ACCESO ADICIONAL DE MATERIA--TÉRMINO DE MATERIA
Término de materia o nombre geográfico como elemento de entrada Tomas de Aquino, Santo, 1225-1274
9 (RLIN) 24945
942 ## - ELEMENTOS DE ENTRADA AGREGADA (KOHA)
Tipo de ítem Koha Libros
Existencias
Estado de retiro Estado de pérdida Estado dañado No para préstamo Código de colección Localización permanente Ubicación/localización actual Fecha de adquisición Número de inventario Total de préstamos Signatura topográfica completa Código de barras Fecha visto por última vez Número de copia Precio válido a partir de Tipo de ítem Koha
        Colección Patrimonio Documental. Piso 4 Biblioteca Carlos Gaviria Díaz, Campus Medellín Biblioteca Carlos Gaviria Díaz, Campus Medellín 11/07/1997 C137783   110 M342d 61000001626536 20/04/2023 1 20/04/2023 Libros - Reserva
        Colección Patrimonio Documental. Piso 4 Biblioteca Carlos Gaviria Díaz, Campus Medellín Biblioteca Carlos Gaviria Díaz, Campus Medellín 28/08/2003 C803123   110 M342d e2 61000005011767 20/04/2023 2 20/04/2023 Libros - Reserva